Countries Closest to Bolivia - Statistics

General Stats
  • This quiz has been taken 55 times
  • The average score is 19 of 20
Answer Stats
Distance (mi) Answer Distance (km) % Correct
0 Argentina 0
100%
0 Brazil 0
100%
0 Chile 0
100%
453 Colombia 729
100%
753 Ecuador 1,213
100%
1,379 Panama 2,220
100%
0 Paraguay 0
100%
0 Peru 0
100%
1,009 Suriname 1,624
100%
1,621 Barbados 2,608
97%
1,600 Costa Rica 2,575
97%
874 Guyana 1,406
97%
630 Uruguay 1,014
97%
712 Venezuela 1,147
97%
1,644 Saint Lucia 2,646
91%
1,383 Trinidad and Tobago 2,226
91%
1,113 France 1,791
89%
1,561 Saint Vincent and the Grenadines 2,513
89%
1,517 Grenada 2,441
83%
1,511 Netherlands 2,432
57%
No matching quizzes found
Score Distribution
Percent of People with Each Score
Percentile by Number Answered
Your Score History
You have not taken this quiz